000
00341nam a2200145Ia 4500
008
230718s9999 xx 000 0 und d
041
_a
Eng.
082
_a
345729
_b
SEE-C
100
_a
Seelahal, Dana S.
245
0
_a
Common Wealth caribbon
260
_a
Pakistan
_b
Saudish Publisher
_c
2001
300
_a
524
650
_a
Law
999
_c
28395
_d
28395